MARC details
| 000 -LÍDER |
| campo de controle de tamanho fixo |
01581nam a2200325 4500 |
| 001 - NÚMERO DE CONTROLE |
| campo de controle |
349 |
| 003 - IDENTIFICADOR DO NÚMERO DE CONTROLE |
| campo de controle |
OSt |
| 005 - DATA E HORÁRIO DA ÚLTIMA TRANSAÇÃO |
| campo de controle |
20250528074018.0 |
| 008 - CAMPO DE DADOS FIXOS--INFORMAÇÃO GERAL |
| campo de controle de tamanho fixo |
250401b |||||||g |||| 00| 1 eng d |
| 020 ## - ISBN - INTERNATIONAL STANDARD BOOK NUMBER |
| ISBN - International Standard Book Number |
9788567296173 |
| 040 ## - FONTE DA CATALOGAÇÃO |
| Idioma da catalogação |
por |
| 041 ## - CÓDIGO DE IDIOMA |
| Código do idioma do original e/ou traduções intermediárias do texto |
eng |
| Código do idioma do texto/trilha sonora ou título diferente |
por |
| 082 ## - CDD - CLASSIFICAÇÃO DECIMAL DE DEWEY |
| Número de Classificação |
813 |
| Número do exemplar |
F299m |
| 100 ## - ENTRADA PRINCIPAL--NOME PESSOAL |
| Nome pessoal |
Feist, Raymond E. |
| Datas associadas ao nome |
1945- |
| 9 (RLIN) |
441 |
| 240 ## - TÍTULO UNIFORME |
| Título uniforme |
Magician: master |
| 245 ## - TÍTULO |
| Título |
Mago: |
| Restante do título |
Espinho de Prata / |
| Indicação de responsabilidade, etc. |
Feist, Raymond E. ; Tradução de Cristina Correia |
| 260 ## - PUBLICAÇÃO, DISTRIBUIÇÃO, ETC. |
| Local de publicação, distribuição, etc. |
Rio de Janeiro |
| Nome do editor, distribuidor, etc. |
Saída de Emergência |
| Data da publicação, distribuição, etc. |
2014 |
| 300 ## - DESCRIÇÃO FÍSICA |
| Extensão |
416 p. |
| 490 1# - TÍTULO DA SÉRIE |
| Título da série |
A saga do Mago |
| Número do volume ou designação sequencial da série |
Livro 03 |
| 520 ## - NOTA DE RESUMO, ETC. |
| Resumo, etc. |
Durante quase um ano, a paz reinou nas terras encantadas de Midkemia. Porém, novos desafios aguardam Arutha, o Príncipe de Krondor, quando Jimmy, a Mão - o mais jovem larápio do Zombadores, a Guilda dos Ladrões - surpreende um sinistro Falcão Noturno prestes a assassiná-lo. Que poder maléfico fez com que os mortos se levantassem para combater em nome da Guilda da Morte? E que magia poderosa poderá derrotá-los? Mas primeiro o Príncipe Arutha, na companhia de um mercenário, um bardo e um jovem ladrão, terá que fazer a viagem mais perigosa da sua vida, em busca de um antídoto para o veneno que está prestes a matar a bela Princesa no dia do seu próprio casamento.<br/> |
| 650 #0 - ASSUNTO--TERMO TÓPICO |
| Cabeçalho tópico ou nome geográfico |
Literatura Americana |
| 9 (RLIN) |
84 |
| 650 #0 - ASSUNTO--TERMO TÓPICO |
| Cabeçalho tópico ou nome geográfico |
Fantasia |
| 9 (RLIN) |
45 |
| 650 #0 - ASSUNTO--TERMO TÓPICO |
| Cabeçalho tópico ou nome geográfico |
Aventura |
| 9 (RLIN) |
47 |
| 650 #0 - ASSUNTO--TERMO TÓPICO |
| Cabeçalho tópico ou nome geográfico |
Seres mágicos |
| 9 (RLIN) |
46 |
| 655 #0 - TERMO DE ÍNDICE--GÊNERO E FORMA |
| Gênero/forma/ou termo foco |
Romance |
| 655 #0 - TERMO DE ÍNDICE--GÊNERO E FORMA |
| Gênero/forma/ou termo foco |
Ficção |
| 700 ## - ENTRADA ADICIONADA - NOME PESSOAL |
| Nome pessoal |
Cristina Correia |
| Função do autor por extenso |
Tradutor |
| 9 (RLIN) |
442 |
| 830 ## - ENTRADA SECUNDÁRIA DE SÉRIE--TÍTULO UNIFORME |
| Título uniforme |
A saga do Mago |
| Número do volume ou designação sequencial da série |
Livro 03 |
| 9 (RLIN) |
443 |
| 942 ## - ELEMENTOS DE ENTRADA ADICIONADOS (KOHA) |
| Fonte de classificação ou esquema de arquivamento |
Classificação decimal de Dewey |
| Ocultar no OPAC |
Não |
| Tipo de material Koha |
Livros |